000 00458nam a2200181Ia 4500
003 GCL
008 140319s9999 xx 000 0 eng d
040 _aGCL /
_cGCL
082 0 4 _aCC
_b962.1
_bB A
100 1 _aBERNAND, ANDRE
245 1 0 _aALEXANDRIE DES PTOLEMES /
_cBERNAND, ANDRE
260 _a[S.N] :
_bCNRS ،
_c1995
300 _a127 P
650 0 4 _aHISTORY
650 0 4 _aALEXANDRIA
650 0 4 _aPTOLEMAIC DYNASTY, 305-30 B.C.
942 _2ddc
_cBK
999 _c25158
_d25158